Polymers : structure and bulk properties /

Guardado en:
Autor Principal: Meares, Patrick.
Formato: Libro
Idioma:English
Publicado: London : Van Nostrand, c1965.
Materias:
Etiquetas: Agregar Etiqueta
Sin Etiquetas, Sea el primero en etiquetar este registro!
LEADER 00711cam a22002175a 4500
001 EIQ.libpla000572
008 831222s1965####enka#####b####001#0#eng#d
005 20060314194131.0
245 0 0 |a Polymers :  |b structure and bulk properties /  |c Patrick Meares. 
260 |a London :  |b Van Nostrand,  |c c1965. 
300 |a xi, 381 p. :  |b il. ;  |c 24 cm. 
504 |a Incluye referencias bibliográficas e índice. 
100 1 |a Meares, Patrick. 
082 0 0 |a 547.1 
650 4 |a Polímeros  |x Estructuras. 
650 4 |a Polímeros  |x Propiedades. 
650 4 |a Polymers  |x Structure. 
650 4 |a Polymers  |x Properties. 
010 |a  65011073  
040 |a DLC/ICU  |c ICU  |d AR-BbSID 
859 |a AR-BbSID  |b BIB. PLAPIQUI  |h 541.2254  |i M 463  |p 377